| 000 | 00686nam a2200217Ia 4500 | ||
|---|---|---|---|
| 008 | 191130s1996##################000#0#eng## | ||
| 020 | _a9780820425993 | ||
| 022 | _a94036388 | ||
| 040 |
_aACL _cACL |
||
| 082 | _a700.94309045 NAS.107 | ||
| 100 | _aNash, Douglas | ||
| 245 |
_aThe politics of space : architecture, painting, and theater in postmodern Germany _cDouglas Nash |
||
| 260 |
_aBern _bPeter Lang _c1996 |
||
| 300 | _ax, 232 p. ; 24 cm | ||
| 500 | _aIncludes bibliographical references (p. [211]-232) | ||
| 650 | _aArts, German - 20th century | ||
| 650 | _aPostmodernism - Germany | ||
| 990 | _a3a77b9d0ac10000c567847b00ac13e39 | ||
| 991 | _a289508 | ||
| 999 |
_c64761 _d64761 |
||